Mathematics for IIT-JEE: (Record no. 194292)

MARC details
000 -LEADER
fixed length control field 00834 a2200205 4500
005 - DATE AND TIME OF LATEST TRANSACTION
control field 20230127141727.0
010 ## - LCCN (DPL NO)
LC control number B-747203-208 E.N.A./7.11.22
020 ## - INTERNATIONAL STANDARD BOOK NUMBER
International Standard Book Number 9789355014009(Vol.-1)
Terms of availability 899.00
035 ## - SYSTEM CONTROL NUMBER
System control number B-747203-208
037 ## - SOURCE OF ACQUISITION
Source of stock number/acquisition AKPD
082 ## - DEWEY DECIMAL CLASSIFICATION NUMBER
Classification number 510
100 ## - MAIN ENTRY--PERSONAL NAME
Personal name Khanna, ML
245 ## - TITLE STATEMENT
Title Mathematics for IIT-JEE:
Remainder of title Main & Advanced/
Statement of responsibility, etc ML Khanna
260 ## - PUBLICATION, DISTRIBUTION, ETC. (IMPRINT)
Place of publication, distribution, etc New Delhi
Name of publisher, distributor, etc S Chand And Company Limited
Date of publication, distribution, etc 2023
270 ## - ADDRESS
Address Block B-1, House No-D-1, Grund Floor, Mohan Co-operative Industrial Estate,
City New Delhi
Postal code 110044
300 ## - PHYSICAL DESCRIPTION
Extent 1054p.
Dimensions 27cm(pbk)
490 ## - SERIES STATEMENT
Volume number/sequential designation Vol. 1
942 ## - ADDED ENTRY ELEMENTS (KOHA)
Source of classification or shelving scheme Dewey Decimal Classification
Item type English Books
Call number suffix KHA
Classification part 510
Holdings
Withdrawn status Lost status Not for loan Collection code Home library Current library Date acquired Source of acquisition Cost, normal purchase price Full call number Barcode Copy number Cost, replacement price Koha item type
      Non-fiction Ashok Vihar Ashok Vihar 27/01/2023 AKPD/A-22/28.11.22/147/23.11.22/2.12.22 899.00 510 KHA B-747204 1 899.00 English Books
      Non-fiction Bawana Bawana 27/01/2023 AKPD/A-22/28.11.22/147/23.11.22/2.12.22 899.00 510 KHA B-747207 1 899.00 English Books
      Non-fiction Central Library Central Library 27/01/2023 AKPD/A-22/28.11.22/147/23.11.22/2.12.22 899.00 510 KHA B-747203 1 899.00 English Books
      Non-fiction Patel Nagar Patel Nagar 27/01/2023 AKPD/A-22/28.11.22/147/23.11.22/2.12.22 899.00 510 KHA B-747205 1 899.00 English Books
      Non-fiction Sarojini Nagar Sarojini Nagar 27/01/2023 AKPD/A-22/28.11.22/147/23.11.22/2.12.22 899.00 510 KHA B-747206 1 899.00 English Books
      Non-fiction Shahdara Branch Shahdara Branch 27/01/2023 AKPD/A-22/28.11.22/147/23.11.22/2.12.22 899.00 510 KHA B-747208 1 899.00 English Books

© Delhi Public Library
Hit Counter
free hit counter